Statistics for Malta Country Quiz

Click here to take the quiz!

General Stats

  • This quiz has been taken 9,358 times
    (9,250 since last reset)
  • The average score is 12 of 16

Answer Stats

HintAnswer% Correct
Sea in which Malta is situatedMediterranean Sea
98%
Countries which lie closest to MaltaItaly
97%
Country from which Malta gained its independence in 1964United Kingdom
96%
Official languagesEnglish
96%
Capital cityValletta
92%
Currency of MaltaEuro
91%
Official languagesMaltese
89%
Countries which lie closest to MaltaTunisia
89%
Object which appears on the flagCross
83%
Malta has the sixth highest population _____ of any country, just ahead of BangladeshDensity
82%
War in which Malta's heroic resistance earned the entire country the George CrossWWII
75%
Name of the largest island, containing 78% of the area of MaltaMalta
64%
Group of people who were expelled from Malta in 1249Muslims
52%
Military order who ruled the islands from 1530–1798{Knights} Hospitaller
47%
Second largest islandGozo
39%
Most populous municipalitySt. {Paul}'s Bay
35%

Score Distribution

Percentile by Number Answered

Percent of People with Each Score

Your Score History

You have not taken this quiz since the last reset